Departments of Bolivia With a Map - Statistics

General Stats
  • This quiz has been taken 8,050 times
  • The average score is 6 of 9
Answers on the Map
Answers color-coded by a green-red scale on the quiz's map according to % correct below.
 
Answer Stats
Department % Correct
La Paz
96%
Santa Cruz
84%
Cochabamba
70%
Potosí
62%
Beni
59%
Oruro
58%
Pando
57%
Tarija
52%
Chuquisaca
45%
No matching quizzes found
Score Distribution
Percent of People with Each Score
Percentile by Number Answered
Your Score History
You have not taken this quiz